| 000 | 00481nam a22001937a 4500 | ||
|---|---|---|---|
| 003 | CEME | ||
| 005 | 20210628203642.0 | ||
| 008 | 210318b xxu||||| |||| 00| 0 eng d | ||
| 020 | _a0-471-57255-1 | ||
| 040 | _c. | ||
| 082 | _a670.427 ASF | ||
| 100 |
_aAsfahl, C.Ray _966712 |
||
| 245 | _aRobots and manufacturing automation | ||
| 250 | _a2ND | ||
| 260 |
_aNEW YORK _bJOHN WILEY & SONS _c1992 |
||
| 300 | _aXX,487P | ||
| 650 |
_aROBOTS, INDUSTRIAL _966713 |
||
| 942 |
_cBK _2ddc |
||
| 999 |
_c574631 _d574631 |
||